000 00624nam a22002297a 4500
003 UA-OsUOA
001 21028
007 ta
008 20031111b un ||||| |||| 00| 0 ukr d
090 _a94(477-25)(035)+(036)
_bК38
942 _cBK
040 _aUA-OsUOA
_brus
_cUA-OsUOA
_dUA-OsUOA
245 _aКиев
_bСправочник-путеводитель
300 _a284 с.
_bІлюстрації
955 _a0
041 _arus
080 _a94(477-25)(035)+(036)
260 _aКиев
_bГосиздат полит. литературы УССР
_c1954
044 _aUA
650 7 _2UDC
999 _c307220
_d307220